Potenciál a perspektívy využívania obnoviteľných zdrojov energie v Slovenskej republike diplomová práca

Salvato in:
Dettagli Bibliografici
Autore principale: Karovič, Miroslav
Ente Autore: Obchodná fakulta EU. Katedra medzinárodného obchodu
Altri autori: Jurkovičová, Lujza
Natura: Libro
Lingua:slovacco
Pubblicazione: Bratislava 2009
Tags: Aggiungi Tag
Nessun Tag, puoi essere il primo ad aggiungerne!!

MARC

LEADER 00000nam$a2200000$$$4500
001 0100776
005 20240318133816.6
041 0 |a slo 
044 |a SK 
245 1 0 |a Potenciál a perspektívy využívania obnoviteľných zdrojov energie v Slovenskej republike  |b diplomová práca  |c Miroslav Karovič ; škol. Lujza Jurkovičová 
264 1 |a Bratislava  |c 2009 
300 |a 92 s. 
100 1 |a Karovič, Miroslav 
700 1 |a Jurkovičová, Lujza 
710 2 |a Obchodná fakulta EU. Katedra medzinárodného obchodu